000 00491nam a2200169Ia 4500
008 220216s9999 xx 000 0 und d
100 _aMeti S
245 0 _aMODIS satellite based net primary productivity of natural rubber in traditional growing region of India
260 _bJournal of Plantation Crops
_c2018
300 _a57-65
650 _aClimate change
650 _aMODIS
650 _aNatural rubber
650 _aNet primary productivity
700 _aJacob J
942 _cBS
999 _c49480
_d49480